An analytical Anglo-French comparative study of construction procurement and management strategies (Record no. 107488)

MARC details
000 -LEADER
fixed length control field 01412cad a22002535a 4500
001 - CONTROL NUMBER
control field L140349
008 - FIXED-LENGTH DATA ELEMENTS--GENERAL INFORMATION
fixed length control field 070919s2007 xxkd f 000 0 eng d
022 1# - INTERNATIONAL STANDARD SERIAL NUMBER
International Standard Serial Number 1464-648X
035 ## - SYSTEM CONTROL NUMBER
System control number (Sirsi) u140349
041 0# - LANGUAGE CODE
Language code of text/sound track or separate title eng
050 04 - LIBRARY OF CONGRESS CALL NUMBER
Classification number 692.8 $2 18
100 1# - MAIN ENTRY--PERSONAL NAME
Personal name Pryke, Stephen
245 03 - TITLE STATEMENT
Title An analytical Anglo-French comparative study of construction procurement and management strategies
Medium [electronic resource]
260 ## - PUBLICATION, DISTRIBUTION, ETC.
Place of publication, distribution, etc. London
Name of publisher, distributor, etc. RICS
Date of publication, distribution, etc. 2007
490 #0 - SERIES STATEMENT
Series statement RICS Research Paper Series
Volume/sequential designation March 2007
520 ## - SUMMARY, ETC.
Summary, etc. Compares the construction procurement system used by Peugeot cars in France, with the approach used in two UK construction projects, using Social Network Analysis (SNA). In particular, highlights the contractual relationships and the financial incentive relationships of the three projects. Also provides a general overview of procurement and project management issues in the UK and a comparison of procurement systems in the UK and France. Forms part of ongoing research into developing the use of SNA for the analysis of construction procurement and management.
590 ## - LOCAL NOTE (RLIN)
Local note KA
651 #4 - SUBJECT ADDED ENTRY--GEOGRAPHIC NAME
Geographic name United Kingdom
Chronological subdivision
651 #4 - SUBJECT ADDED ENTRY--GEOGRAPHIC NAME
Geographic name France
690 ## - LOCAL SUBJECT ADDED ENTRY--TOPICAL TERM (OCLC, RLIN)
Topical term or geographic name as entry element Procurement
9 (RLIN) 6260
710 2# - ADDED ENTRY--CORPORATE NAME
Corporate name or jurisdiction name as entry element Royal Institution of Chartered Surveyors
Subordinate unit Research
9 (RLIN) 4902
856 40 - ELECTRONIC LOCATION AND ACCESS
Uniform Resource Identifier <a href="https://www.rics.org/site/scripts/download_info.aspx?downloadID=2726">https://www.rics.org/site/scripts/download_info.aspx?downloadID=2726</a>
Public note View the report free of charge at www.rics.org...
942 ## - ADDED ENTRY ELEMENTS (KOHA)
Suppress in OPAC 0
Holdings
Withdrawn status Lost status Source of classification or shelving scheme Damaged status Not for loan Home library Current library Shelving location Date acquired Total Checkouts Full call number Barcode Date last seen Copy number Price effective from Koha item type
    Dewey Decimal Classification     Virtual Virtual Online 19/09/2007   ONLINE PUBLICATION 140349-2001 06/08/2019 1 06/08/2019 Book